Guess the Country Flags With Coat of Arms - Statistics

General Stats
  • This quiz has been taken 63 times
    58 since last reset
  • The average score is 20 of 24
Answer Stats
Picture Answer % Correct
Croatia
97%
Portugal
94%
Serbia
94%
Slovakia
94%
Andorra
91%
Ecuador
91%
Mexico
91%
Nicaragua
91%
Spain
91%
Equatorial Guinea
88%
Haiti
88%
Moldova
88%
San Marino
88%
Slovenia
88%
Montenegro
85%
Bolivia
82%
Belize
79%
Dominican Republic
79%
Guatemala
79%
El Salvador
76%
Fiji
76%
Paraguay
76%
Peru
76%
Costa Rica
59%
No matching quizzes found
Score Distribution
Percent of People with Each Score
Percentile by Number Answered
Your Score History
You have not taken this quiz since the last reset